000 00270nam a2200121 a 4500
008 100923s1987|||| d
245 1 0 _aNepokoje
100 1 _aFarrell, James G.
260 _bPravda
_aBratislava
_c1987
020 _c40
044 _axo
_cSK
041 _aslo
999 _c10655
_d10655